000 00541nam a2200181Ia 4500
008 100917s9999 xx 000 0 und d
082 _b49791
100 _aकर्णिक मधुमंगेश
245 _aगवळण आणि इतर कथा
260 _bसरोज प्रकाशन
_c1974
300 _a208
365 _b13.75
520 _aकथा
630 _aगवळण आणि इतर कथा
650 _aकथा
730 _aगवळण आणि इतर कथा
942 _cBOOK
999 _c655185
_d655182